| 000 | 00484nam a2200169Ia 4500 | ||
|---|---|---|---|
| 999 |
_c23403 _d23403 |
||
| 003 | OSt | ||
| 005 | 20200320110118.0 | ||
| 008 | 190216s9999||||xx |||||||||||||| ||und|| | ||
| 020 | _a9789380081373 | ||
| 040 | _coclc | ||
| 082 |
_a909.09767 _bCHE/I |
||
| 100 |
_aCherif, Mustapha _92115 |
||
| 245 | 0 |
_aIslamum Padinjarum / _cMustapha Cherif |
|
| 260 |
_bOther Books, _c2006. _aCalicut: |
||
| 300 | _a128p | ||
| 942 |
_cBK _2ddc _h909.09767 _iCHE/I _k909.09767 _mCHE/I |
||